Catàleg del Col·legi de Periodistes de Catalunya

Anuari Mèdia.cat (Registre núm. 6735)

000 -CABECERA
Campo de control de longitud fija 00660nas a22001817a 4500
005 - FECHA Y HORA DE LA ÚLTIMA TRANSACCIÓN
Campo de control 20160512185408.0
008 - CAMPO FIJO DE DESCRIPCIÓN FIJA--INFORMACIÓN GENERAL
Campo de control de longitud fija 140604c2011 sp ar||| |||| 00| 0 cat d
020 ## - ISBN (INTERNATIONAL STANDARD BOOK NUMBER)
ISBN 9788486469658
040 ## - FUENTE DE CATALOGACIÓN
Agencia que realiza la transcripción CPC Girona
245 00 - MENCIÓN DE TÍTULO
Título Anuari Mèdia.cat
Parte restante del título : els silencis mediàtics de 2013
260 ## - PUBLICACIÓN, DISTRIBUCIÓN, ETC (PIE DE IMPRENTA)
Lugar de publicación, distribución, etc. Barcelona
Nombre del editor, distribuidor, etc. Pol·len
Fecha de publicación, distribución, etc. 2014
300 ## - DESCRIPCIÓN FÍSICA
Extensión 146 p.
Dimensiones 21 cm
Otros detalles físicos il.
500 ## - NOTA GENERAL
Nota general Publicada sota els auspicis de: Grup de Periodistes Ramon Barnils
650 ## - ASIENTO SECUNDARIO DE MATERIA--TÉRMINO DE MATERIA
9 (RLIN) 396
Nombre de materia o nombre geográfico como elemento de entrada Mitjans de comunicació de massa
Subdivisión general censura
Subdivisión geográfica Espanya
710 2# - ENCABEZAMIENTO SECUNDARIO--NOMBRE CORPORATIVO
9 (RLIN) 2397
Nombre corporativo o de jurisdicción como elemento de entrada Grup de Periodistes Ramon Barnils
856 41 - ACCESO ELECTRÓNICO
Identificador uniforme del recurso URI <a href="http://www.media.cat/anuari/descarregues/ ">http://www.media.cat/anuari/descarregues/ </a>
Nota Pública Disponible en línia
942 ## - ELEMENTOS KOHA
Koha tipo de item Monografies
Fuente de clasificación o esquema de ordenación en estanterías
Fons
Suprimido Perdido Estropeado No se presta Localización (Biblioteca) Sublocalización o Colección (subbiblioteca) Fecha de adquisición Fuente de adquisición Koha préstamos (veces que ha sido prestado) Koha signatura completa Koha Fecha de último uso Precio Koha tipo de item Nota pública
      No per a préstec CPC Terres de l'Ebre CPC Terres de l'Ebre 2015-05-21 Donació   141197 2015-05-27 2015-05-27 Monografies Donació a la biblioteca Marcel·lí Domingo
      No per a préstec CPC Terres de l'Ebre CPC Terres de l'Ebre 2015-05-21 Donació   070 ANU 2015-05-27 2015-05-27 Monografies Donació a la biblioteca Marcel·lí Domingo
      No per a préstec CPC Terres de l'Ebre CPC Terres de l'Ebre 2015-05-21 Donació   05 ANU 2015-05-27 2015-05-27 Monografies Donació a la biblioteca Marcel·lí Domingo
      No per a préstec CPC Terres de l'Ebre CPC Terres de l'Ebre 2015-05-21 Donació   07 ANU 2015-05-27 2015-05-27 Monografies Donació a la biblioteca Marcel·lí Domingo
      No per a préstec CPC Terres de l'Ebre CPC Terres de l'Ebre 2015-05-21 Donació   070 ANU 2015-05-27 2015-05-27 Monografies Donació a la biblioteca Marcel·lí Domingo
      No per a préstec CPC Terres de l'Ebre CPC Terres de l'Ebre 2015-05-21 Donació   CL 070 ANU 2015-05-27 2015-05-27 Monografies Donació a la biblioteca Marcel·lí Domingo
      No per a préstec CPC Terres de l'Ebre CPC Terres de l'Ebre 2015-05-21 Donació   07 ANU 2015-05-27 2015-05-27 Monografies Donació a la biblioteca Marcel·lí Domingo

Implantat amb Koha